00557nam a22001697a 450000500170000001000150001702000260003203500130005803700130007108200100008410000240009424500770011826000420019527000790023730000210031650000500033720140925124938.0 aENG-110912 a9788192958224c650.00 aEN-94444 bDBAD/PUB a302.2 aMishra, Saroj Kumar aCommunication skills and information technology /cby Saroj Kumar Mishra aNew DelhibGyan Geeta Prakashanc2014 aF-7, Gali no. 1, Panchsheel Garden Ext. Naveen ShahdarabNew Delhie110032 a328p. c23cm(Hb) aIncludes bibliographical references and index